[Event "Fouesnant op 15th"]
[Site "Fouesnant"]
[Date "2009.10.29"]
[Round "7"]
[White "Arveuf, Rene"]
[Black "Berthou, Patrick"]
[Result "1-0"]
[WhiteElo "1640"]
[BlackElo "1600"]
[PlyCount "47"]
[EventDate "2009.10.26"]
[EventType "swiss"]
[EventRounds "9"]
[EventCountry "FRA"]
[SourceTitle "EXT 2010"]
[Source "ChessBase"]
[SourceDate "2010.11.25"]
[SourceVersion "1"]
[SourceVersionDate "2010.11.25"]
[SourceQuality "1"]

1. e4 d6 2. d4 Nf6 3. Nc3 g6 4. Bg5 Bg7 5. Qd2 0-0 6. 0-0-0 b6 7. Nf3 Bb7 8. Bd3 c5 9. h4 Re8 10. h5 Nbd7 11. hxg6 hxg6 12. Bh6 Bh8 13. e5 Ng4 14. Bxg6 fxg6 15. Qg5 Nxh6 16. Qxg6+ Bg7 17. Rxh6 Nf8 18. Qg3 Bxf3 19. gxf3 e6 20. Ne4 Re7 21. Nxd6 Rd7 22. Rdh1 Rxd6 23. exd6 Qf6 24. Rxf6 1-0